000 00716cab a2200229 4500
001 ABS38466
008 090401t1987 xxu||||| |||| 00| 0 eng d
035 _a(Sirsi) u10830
041 _aeng
100 _aOugh, R.
245 _aWhen an employee quits to become a competitor
260 _c1987
350 _a0
490 _aLaw Society`s Gazette
_vvol 84 (39) 28 October 1987, 3078-3082 (3)
520 _aExamines, with reference to case law, the rights of an employer when a former employee sets up in competition .
650 _aEMPLOYMENT
650 _aRESTRAINT OF TRADE
690 _aMANAGEMENT-BUSINESS MANAGEMENT-PROFESSIONAL PRACTICE
700 _aAdams, J.
942 _n0
948 _c04/03/1997
999 _c6891
_d6891